00813nam a2200205Ia 4500999001500000003000900015005001700024008004100041040002800082041000800110082002200118100002900140245012900169260005100298300001900349490003800368650003900406942001200445952015000457 c2518d2518DO-SdBJH20180430153250.0180411s9999 dr 000 0 spa d aDO-SdBJHbspacDO-SdBJH aspa aRD 972.9305 H519y1 aHenríquez Ureña, Max10aLos yanquis en Santo Domingo : la verdad de los hechos comprobada por datos y documentos oficiales / Max Henríquez Ureña aSanto Domingo : Editora de Santo Domingo, 1977 a322 páginas aColección de Cultura Dominicana 4aHistoria -- República Dominicana 2ddccBK 00102ddc40708RDaBAMBCbBAMBCcGENd2018-04-30i18-AERD-05616l0oRD 972.9305 H519yp18-AERD-05616r2018-04-30 00:00:00tEj.1w2018-04-30yBK